| 000 | 00404nam a2200133Ia 4500 | ||
|---|---|---|---|
| 008 | 210430s9999 xx 000 0 und d | ||
| 020 | _a978-0-521-81419-5 | ||
| 082 | _a668.9 B789 P | ||
| 100 |
_aRichard H. Boyd and Grant D. Smith _953993 |
||
| 245 |
_aPolymer Dynamics and Relaxation / _cRichard H. Boyd and Grant D. Smith |
||
| 260 |
_aUK _bCambridge _c2007 |
||
| 300 | _a255 p. | ||
| 942 |
_cBK _2ddc |
||
| 999 |
_c564409 _d564409 |
||